| 000 | 00763nam a2200229Ii 4500 | ||
|---|---|---|---|
| 003 | JO-AjNU | ||
| 008 | 230605s9999||||xx |||||||||||||| ||und|| | ||
| 017 | _a2012/9/3633 | ||
| 020 | _a978-9957-32-714-9 | ||
| 040 |
_aJO-AjNU _bara _erda _cJO-AjNU |
||
| 041 | _aara | ||
| 050 | 1 | 4 | _aCB311.M8738 2013 |
| 100 | 3 |
_aالموسوي، هاشم عبدالله, _eauthor _960940 |
|
| 245 | 0 | 0 | _aموسوعة الحضارات القديمة |
| 250 | _aط1 | ||
| 264 | 3 | 1 | _aعمان: دار الحامد للنشر، 2013 |
| 300 |
_a397ص _bيحتوي على صور توضيحية |
||
| 336 |
_atext _btxt _2rdacontent |
||
| 337 |
_aunmediated _bn _2rdamedia |
||
| 338 |
_avolume _bnc _2rdacarrier |
||
| 650 | 4 |
_aالآثار- الحضارات القديمة _960941 |
|
| 999 |
_aA27516 _c31084 _d31084 |
||